|
|
|
|
| LEADER |
00000cam a22000004a 4500 |
| 001 |
musev2_78895 |
| 003 |
MdBmJHUP |
| 005 |
20230905052133.0 |
| 006 |
m o d |
| 007 |
cr||||||||nn|n |
| 008 |
110527s2011 mou o 00 0 eng d |
| 010 |
|
|
|z 2011003348
|
| 020 |
|
|
|a 9780271091242
|
| 035 |
|
|
|a (OCoLC)818734140
|
| 040 |
|
|
|a MdBmJHUP
|c MdBmJHUP
|
| 100 |
1 |
|
|a Boeckl, Christine M.
|
| 245 |
1 |
0 |
|a Images of Leprosy :
|b Disease, Religion, and Politics in European Art /
|c Christine M. Boeckl.
|
| 264 |
|
1 |
|a Kirksville, Mo. :
|b Truman State Univ. Press,
|c 2011.
|
| 264 |
|
3 |
|a Baltimore, Md. :
|b Project MUSE,
|c 2021
|
| 264 |
|
4 |
|c ©2011.
|
| 300 |
|
|
|a 1 online resource (248 pages):
|b Illustrationen.
|
| 336 |
|
|
|a text
|b txt
|2 rdacontent
|
| 337 |
|
|
|a computer
|b c
|2 rdamedia
|
| 338 |
|
|
|a online resource
|b cr
|2 rdacarrier
|
| 490 |
0 |
|
|a Early modern studies series ;
|v 7
|
| 500 |
|
|
|a Erscheint: März 2011.
|
| 588 |
|
|
|a Description based on print version record.
|
| 650 |
|
7 |
|a Sozialgeschichte
|2 gnd
|
| 650 |
|
7 |
|a Religion
|2 gnd
|
| 650 |
|
7 |
|a Lepra
|g Motiv
|2 gnd
|
| 650 |
|
7 |
|a Kunst
|2 gnd
|
| 650 |
|
7 |
|a Krankheit
|g Motiv
|2 gnd
|
| 650 |
|
7 |
|a Leprosy in art.
|2 fast
|0 (OCoLC)fst00996352
|
| 650 |
|
7 |
|a Art, European
|x Themes, motives.
|2 fast
|0 (OCoLC)fst00816264
|
| 650 |
|
4 |
|a Kunst
|x Religion
|x Sozialgeschichte.
|
| 650 |
|
4 |
|a Krankheit (Motiv)
|x Lepra
|x Motiv.
|
| 650 |
|
0 |
|a Art, European
|x Themes, motives.
|
| 650 |
|
0 |
|a Leprosy in art.
|
| 655 |
|
7 |
|a Electronic books.
|2 local
|
| 710 |
2 |
|
|a Project Muse.
|e distributor
|
| 830 |
|
0 |
|a Book collections on Project MUSE.
|
| 856 |
4 |
0 |
|z Texto completo
|u https://projectmuse.uam.elogim.com/book/78895/
|
| 945 |
|
|
|a Project MUSE - Custom Collection
|